• 首页
  • 本馆介绍
  • 公告通知
  • 最新文献
  • 馆藏检索
  • 电子资源
  • 读者导购
  • 参考咨询
  • 我的图书馆
  • 登录
  • 详细信息显示
  • 放入我的书架
  • 预约/预借图书
  • 作者相关作品
  • 分类相关作品
  • 丛书相关作品
  • 出版社相关作品

书目信息

  • 表格格式
  • 工作单格式
  • 卡片格式
题名:
英语阅读教学与研究
    
 
作者: 陈则航 编著
分册:  
出版信息: 北京   外语教学与研究出版社  2016.01
页数: 158
开本: 24cm
丛书名:
单 册:
中图分类: H002
科图分类:
主题词: 语言学
电子资源:
ISBN: 978-7-5135-7109-8
000 00582nam0 2200181 450
001 202410302355862642
005 20241030163323.64
010    @a978-7-5135-7109-8@d¥29.00
100    @a20241030d km y0chiy0120 ea
101 0  @achi
200 1  @a英语阅读教学与研究@AYing Yu Yue Du Jiao Xue Yu Yan Jiu@f陈则航编著@FChen Ze Hang Bian Zhu
210    @a北京@c外语教学与研究出版社@d2016.01
215    @a158@d24cm
606 0  @a语言学
690    @aH002@v4
701  0 @a陈则航@AChen Ze Hang@4编著
801  0 @aCN@b大连网信软件有限公司图书馆·11@c20241030
905    @aZUCC@b1056438@dH002@e389@f1
    
    英语阅读教学与研究/陈则航编著.-北京:外语教学与研究出版社,2016.01
    158;24cm
    
    
    ISBN 978-7-5135-7109-8:¥29.00
    
●
相关链接 在E读中查询图书 在五车中查询图书 在当当中查询图书 在豆瓣中查询图书


正题名:英语阅读教学与研究     索取号:H002/389         预约/预借

序号 登录号 条形码 馆藏地/架位号 状态 备注
1 1056438   210564389   密集书库—外国语学院/ [索取号:H002/389] 在馆    
唐山师范学院图书馆 欢迎您!
大连网信软件有限公司© 版权所有